000 00981nam a22002415i 4500
001 156541
003 ES-MaACL
005 20250727024452.0
008 001107s1863 fr |||| | fre d
040 _aCCPB | B
_bspa
_cCCPB | B
100 1 _aKant, Immanuel,
_d1724-1804
_9222608
245 1 0 _aAnthropologie
_b: suivie des divers fragments du même auteur relatifs aux rapports du physique et du moral et aux commerces des esprits d'un monde a l'autre /
_cEmm. Kant ; ouvrage traduit de l'allemand par J. Tissot.
260 _aParis :
_bLibrairie Philosophique de Landrange,
_c1863 (
_eDijon :
_fimprimerie J.-E. Rabutot)
300 _aXI, 483 p. ;
_c22 cm.
650 7 _aAntropología física
_2embne
_99893
700 1 1 _aTissot, J.,
_etrad.
_9133274
752 _aFrancia -
_dParís
752 _aFrancia -
_dDijon
852 _aES-MaACL
_jD-5021
_z-- Enc. tela
852 _aES-MaACL
_jF-7153
_z-- Enc. hol.
999 _c156541
_d156541